[Event "IECG TE.2001.P.00813 email"]
[Site "IECG email"]
[Date "2001.10.05"]
[Round "?"]
[White "Balan, Srikant"]
[Black "Kessel, Rolf"]
[Result "0-1"]
[WhiteElo "800"]
[BlackElo "1683"]
[PlyCount "72"]
[EventDate "2001.10.05"]
[EventType "tourn (corr)"]
[EventRounds "12"]
[SourceTitle "Corr 2008"]
[Source "ChessBase"]
[SourceDate "2008.06.24"]
[SourceVersion "1"]
[SourceVersionDate "2008.06.24"]
[SourceQuality "1"]

1. e4 d6 2. d4 Nf6 3. Nc3 g6 4. Nf3 Bg7 5. Be3 0-0 6. Qd2 a6 7. Bh6 b5 8. b4 Nc6 9. d5 Bxh6 10. Qxh6 Nxb4 11. Bd3 Nxd3+ 12. cxd3 Ng4 13. Qd2 f5 14. h3 Ne5 15. Nxe5 dxe5 16. exf5 gxf5 17. d4 Qd6 18. 0-0 e4 19. Rae1 Bb7 20. Qg5+ Kh8 21. Re3 Qf6 22. Qxf6+ Rxf6 23. f4 h5 24. h4 Rd8 25. a4 b4 26. Rb1 a5 27. Nb5 Bxd5 28. Nxc7 Bc6 29. Nb5 Bxb5 30. axb5 Rb6 31. Rc1 Rxb5 32. Rc6 Rd6 33. Rxd6 exd6 34. g3 b3 35. Re1 b2 36. Rb1 a4 0-1

[Event "IECG TE.2001.P.00813 email"]
[Site "IECG email"]
[Date "2001.10.05"]
[Round "?"]
[White "Ramini, Edgardo Atilio"]
[Black "Balan, Srikant"]
[Result "1-0"]
[WhiteElo "1799"]
[BlackElo "800"]
[PlyCount "61"]
[EventDate "2001.10.05"]
[EventType "tourn (corr)"]
[EventRounds "12"]
[SourceTitle "Corr 2008"]
[Source "ChessBase"]
[SourceDate "2008.06.24"]
[SourceVersion "1"]
[SourceVersionDate "2008.06.24"]
[SourceQuality "1"]

1. e4 d6 2. d4 Nf6 3. Nc3 g6 4. Nf3 Bg7 5. Be3 0-0 6. Qd2 Ng4 7. 0-0-0 e5 8. d5 b6 9. Be2 Na6 10. h3 Nf6 11. Bg5 Qd7 12. Bb5 Qe7 13. Rhe1 Nc5 14. Bc6 Bb7 15. Be3 Bxc6 16. dxc6 Nfxe4 17. Nd5 Qe6 18. Qb4 Rac8 19. Qc4 b5 20. Qxb5 Bf6 21. Nxf6+ Qxf6 22. Qe2 Rb8 23. Qc4 Rb6 24. b4 Na6 25. Bxb6 Ng5 26. Bxa7 Qf4+ 27. Qxf4 exf4 28. Nxg5 Ra8 29. b5 Rxa7 30. Re8+ Kg7 31. bxa6 1-0

[Event "IECG CP.2001.P.00057"]
[Site "IECG email"]
[Date "2001.10.01"]
[Round "?"]
[White "Balan, Srikant"]
[Black "Perez, Giorgio"]
[Result "0-1"]
[WhiteElo "800"]
[BlackElo "1888"]
[PlyCount "48"]
[EventDate "2001.10.01"]
[EventType "tourn (corr)"]
[EventRounds "6"]
[SourceTitle "Corr 2008"]
[Source "ChessBase"]
[SourceDate "2008.06.24"]
[SourceVersion "1"]
[SourceVersionDate "2008.06.24"]
[SourceQuality "1"]

1. e4 c5 2. c4 Nc6 3. Nf3 d6 4. d4 cxd4 5. Nxd4 Nf6 6. Nc3 g6 7. g3 Bg7 8. Bg2 Nxd4 9. Qxd4 0-0 10. 0-0 Be6 11. b3 Nd5 12. Qd3 Nxc3 13. Bb2 Qa5 14. Rac1 Nxa2 15. Rc2 Nb4 16. Bc3 Nxd3 17. Bxa5 Nc5 18. b4 Nd7 19. Re1 b6 20. e5 Nxe5 21. Bxa8 Rxa8 22. Ree2 bxa5 23. bxa5 Nf3+ 24. Kg2 Nd4 0-1

[Event "IECG CP.2001.P.00057"]
[Site "IECG email"]
[Date "2001.10.01"]
[Round "?"]
[White "Lloyd, Dave"]
[Black "Balan, Srikant"]
[Result "1-0"]
[WhiteElo "2017"]
[BlackElo "800"]
[PlyCount "35"]
[EventDate "2001.10.01"]
[EventType "tourn (corr)"]
[EventRounds "6"]
[SourceTitle "Corr 2008"]
[Source "ChessBase"]
[SourceDate "2008.06.24"]
[SourceVersion "1"]
[SourceVersionDate "2008.06.24"]
[SourceQuality "1"]

1. c4 e5 2. g3 d5 3. cxd5 Qxd5 4. Nf3 e4 5. Nc3 Qf5 6. Nh4 Qg4 7. Qa4+ Bd7 8. Qxe4+ Qxe4 9. Nxe4 Bc6 10. Bg2 Be7 11. Nf5 Bf6 12. Nxf6+ Nxf6 13. Nxg7+ Kf8 14. Bxc6 Nxc6 15. Nf5 Rg8 16. d3 Rg5 17. Bxg5 Nd7 18. Rc1 1-0

[Event "IECG QN.2001.0.00168"]
[Site "IECG email"]
[Date "2001.03.04"]
[Round "?"]
[White "Brozio, Michael"]
[Black "Balan, Srikant"]
[Result "1-0"]
[WhiteElo "976"]
[BlackElo "800"]
[PlyCount "87"]
[EventDate "2001.03.04"]
[EventType "tourn (corr)"]
[EventRounds "6"]
[SourceTitle "Corr 2008"]
[Source "ChessBase"]
[SourceDate "2008.06.24"]
[SourceVersion "1"]
[SourceVersionDate "2008.06.24"]
[SourceQuality "1"]

1. e4 Nf6 2. Bc4 e5 3. Nf3 Nc6 4. d3 Bc5 5. c3 Bb6 6. 0-0 d6 7. Bg5 Bg4 8. Nbd2 0-0 9. h3 h6 10. Bxf6 Bxf3 11. Bxd8 Bxd1 12. Bxc7 Bxc7 13. Raxd1 Bb6 14. Bd5 Nd8 15. Nc4 Bc7 16. d4 exd4 17. Rxd4 Bb6 18. Nxb6 axb6 19. Bb3 Re8 20. f3 Nc6 21. Rxd6 g5 22. Rxh6 Rad8 23. Rg6+ Kf8 24. Rxg5 Re5 25. Rxe5 Nxe5 26. f4 Nd3 27. Rd1 f5 28. exf5 Ke8 29. Bc4 Nxf4 30. Bb5+ Ke7 31. f6+ Kxf6 32. Rxd8 Ne2+ 33. Bxe2 Kg7 34. Rd7+ Kh6 35. Rxb7 b5 36. Rxb5 Kg7 37. a4 Kh6 38. a5 Kg6 39. a6 Kf6 40. a7 Ke6 41. a8Q Kd6 42. Qa6+ Kd7 43. Rb7+ Kc8 44. Qa8# 1-0